1922 1211 1724 1679 1231 1698 1659 1774 1393 1973 1717 1916 1430 1501 1376 1939 1649 1972 1692 1325 1482 1927 1713 1861 1073 1948 1505 1944 1194 1960 1059 1869 1047 1080 1491 1663 1428 1113 1290 1246 1807 1155 1056 1246 1542 1822 1103 1310 1531 1891 1795 1995 1142 1363 1080 1796 1803 1198 1049 1109 1650 1193 1621 1905 1894 1173 1348 1912 1274 1923 1884 1242 1670 1544 1885 1311 1584 1288 1007 1356 1988 1590 1697 1826 1776 1326 1466 1345 1008 1855 1543 1429 1670 1332 1910 1579 1217 1233 1670 BCNSPRNW ULIB Ver.6.0+V

เปลี่ยนเป็นภาษาไทย

Change to English
 แสดงรายละเอียดบรรณานุกรม
  กลับหน้าหลัก

Brief Record : Get Marc (ISO 2709) : E-mail record : QR code < ปิดหน้าต่าง
LEADER : 00000nam 2200000uu 4500
001    13399121191
003     ULIB
008    121108s2550||||th 000 0 tha d
020    ^a9742131252
050 04 ^aLB1027^bย351ท
100 0  ^aยุทธ ไกยวรรณ์
245 10 ^aเทคนิคการสอนและวิธีการ = Teaching Techingues and Methods /^cยุทธ ไกยวรรณ์
260    ^aกรุงเทพฯ :^bศูนย์สื่อเสริมกรุงเทพฯ,^c2550
300    ^a172 หน้า ;^c26 ซม
650  7 ^aการสอน
945    ^p85^l0^i16490
995    ^aวิภา
999 ^a ทศพร
รายการนี้ยังไม่มีแท็ก
คุณยังไม่ได้ล็อกอิน คุณสามารถมีกิจกรรมร่วมกับเว็บไซต์ได้ แต่ต้องล็อกอินก่อน ::
  ล็อกอิน

รายการสื่อสารสนเทศ

ลำดับที่ ประเภท เลขเรียก/บาร์โค้ด สถานที่ สถานะ
1. วิทยาศาสตร์การแพทย์ และสุขภาพ
วิทยาศาสตร์การแพทย์ และสุขภาพ
LB1027 ย351ท  
  Barcode: 16490
ห้องสมุดวิทยาเขตสวรรค์ประชารักษ์
►หนังสือทั่วไป
บนชั้น

รายการใกล้เคียง
    ผู้แต่ง [ยุทธ ไกยวรรณ์]

    หัวเรื่อง [การสอน]

BibComment


ยังไม่เคยถูกคอมเมนท์

คอมเมนท์ทรัพยากรรายการนี้
  คอมเมนท์: เทคนิคการสอนและว..


 Copyright 2026. Bcnsprnw @Library